000 00404pam a2200145 a 4500
020 _a9781119241355
_c
041 _aeng
082 _a616.6
_bSMI
100 _aSMITH A . D . PREMINGER G . KAVOUSSI L . .
245 _aSMITH`S TEXTBOOK OF ENDOUROLOGYVOL .2
_hTextual Documents
260 _aMUMBAI
_bWILEY BLACK WELL
_c2019
300 _a878-1913:
_bXLIII +
_eHB .
930 _a9016
999 _c803543
_d803543
650 _aUROLOGY